Sports Quiz

Random Sports Quiz

2012 Los Angeles Dodgers Roster Quiz Stats

Quiz not verified by Sporcle

Challenge
Share
Tweet
Embed
Score 0/50 Timer 10:00
0 Plays Today
Uniform # Answer % Correct
7Nick Punto
100%
8Shane Victorino
100%
5Juan Uribe
80%
9 Dee Gordon
80%
16Andre Ethier
80%
17A.J. Ellis
80%
22Clayton Kershaw
80%
23Adrian Gonzalez
80%
33Scott Van Slyke
80%
74Kenley Jansen
80%
13Hanley Ramirez
80%
61Josh Beckett
80%
27Matt Kemp
80%
14Mark Ellis
80%
6Jerry Hairston
80%
52Tim Federowicz
80%
51Ronald Belisario
80%
7James Loney
80%
21Juan Rivera
60%
50Randy Choate
60%
56Joe Blanton
60%
66Mike MacDougal
60%
75Paco Rodriguez
60%
3Adam Kennedy
60%
18Matt Treanor
60%
Uniform # Answer % Correct
58Chad Billingsley
60%
54Javy Guerra
60%
33, 23, & 12Bobby Abreu
60%
12Justin Sellers
40%
35Chris Capuano
40%
60 & 50Todd Coffey
40%
52Josh Lindblom
40%
29Ted Lilly
40%
47Luis Cruz
40%
50Nathan Eovaldi
40%
55Matt Guerrier
40%
57Scott Elbert
40%
10Tony Gwynn
40%
59 & 56Stephen Fife
20%
44Aaron Harang
20%
37Elian Herrera
20%
31Brandon League
20%
28Jamey Wright
20%
38Shawn Tolleson
20%
49Alex Castellanos
20%
46Josh Wall
0%
41Rubby De La Rosa
0%
30Jerry Sands
0%
48John Ely
0%
13Ivan De Jesus
0%

You're not logged in!

Compare scores with friends on all Sporcle quizzes.
Sign Up with Email
OR
Log In

You Might Also Like...

Show Comments

Extras

Top Quizzes Today


Score Distribution

Your Account Isn't Verified!

In order to create a playlist on Sporcle, you need to verify the email address you used during registration. Go to your Sporcle Settings to finish the process.

Report this User

Report this user for behavior that violates our Community Guidelines.

Details: